| 000 | 00497nam a22001697a 4500 | ||
|---|---|---|---|
| 003 | CEME | ||
| 005 | 20210628210518.0 | ||
| 008 | 210201b xxu||||| |||| 00| 0 eng d | ||
| 040 | _c. | ||
| 082 | _a954.91 RES | ||
| 100 |
_aHafiz A.Pasha _979726 |
||
| 245 | _aResource mobilisation and expenditure planning in the provinces | ||
| 260 |
_aLAHORE _bSOCITY GROUP _c1996 |
||
| 300 | _aXII,195P | ||
| 650 |
_aRESOURCE MOBILISATION AND EXPENDITURE PLANNING IN THE PROVINCES _979727 |
||
| 942 |
_cBK _2ddc |
||
| 999 |
_c584728 _d584728 |
||